00553nam a22001937a 4500003001100000005001700011008004100028040003900069041000800108082001300116100001900129245003000148300002400178650002100202700002600223942000700249952008800256999001500344LK-CoMWRAF20231230140400.0231119b |||||||| |||| 00| 0 eng d aLK-CoMWRAFdLK-CoMWRAFeLK-CoMWRAF aeng a428bRID aRidout, Ronald aEnglish today :bRidout 4 bRoland ridoutc1948 aEnglish Language aPaine, Charleseills. cBK 00104070aMAINbMAINd2023-11-19l0o428 RIDpRAF2844r2023-11-19w2023-11-19yBK c4149d4149